[Event "Vellmar op 7th"]
[Site "Vellmar"]
[Date "2015.08.09"]
[Round "6"]
[White "Rafiee, Kayvan"]
[Black "Boele, Martijn"]
[Result "1-0"]
[WhiteElo "1844"]
[BlackElo "1992"]
[PlyCount "41"]
[EventDate "2015.08.06"]
[EventType "swiss"]
[EventRounds "7"]
[EventCountry "GER"]
[SourceTitle "CBM 167 Extra"]
[Source "ChessBase"]
[SourceDate "2015.09.14"]
[SourceVersion "1"]
[SourceVersionDate "2015.09.14"]
[SourceQuality "1"]

1. e4 c5 2. d4 cxd4 3. c3 dxc3 4. Nxc3 Nc6 5. Nf3 e6 6. Bc4 a6 7. 0-0 Qc7 8. Qe2 Bd6 9. Bg5 Nge7 10. Rac1 Ng6 11. Bb3 0-0 12. g3 Qb8 13. Rfd1 Na5 14. Bc2 b5 15. b3 Ba3 16. Rb1 Nc6 17. Re1 Nb4 18. h4 Qc7 19. Qd2 Nxc2 20. Qxc2 b4 21. h5 1-0

[Event "Vellmar op 7th"]
[Site "Vellmar"]
[Date "2015.08.07"]
[Round "2"]
[White "Bleecke, Sebastian"]
[Black "Rafiee, Kayvan"]
[Result "1-0"]
[WhiteElo "1932"]
[BlackElo "1844"]
[PlyCount "117"]
[EventDate "2015.08.06"]
[EventType "swiss"]
[EventRounds "7"]
[EventCountry "GER"]
[SourceTitle "CBM 167 Extra"]
[Source "ChessBase"]
[SourceDate "2015.09.14"]
[SourceVersion "1"]
[SourceVersionDate "2015.09.14"]
[SourceQuality "1"]

1. e4 c5 2. Nf3 d6 3. d4 cxd4 4. Nxd4 Nf6 5. Nc3 g6 6. Be3 Bg7 7. f3 a6 8. Qd2 b5 9. a4 b4 10. Nd5 Nxd5 11. exd5 Bb7 12. Bc4 Qa5 13. 0-0 Nd7 14. Rfd1 Rc8 15. Nb3 Qc7 16. Qxb4 Rb8 17. Ba7 Rc8 18. Bd4 Bxd4+ 19. Rxd4 Nb6 20. Na5 Nxc4 21. Rxc4 Qd7 22. Rxc8+ Bxc8 23. Re1 0-0 24. Re4 Qc7 25. Nc6 Re8 26. a5 Qd7 27. Qe1 e6 28. Qh4 Bb7 29. Rb4 Bxc6 30. dxc6 Qxc6 31. Qc4 Qxc4 32. Rxc4 d5 33. Rc6 Rb8 34. b3 Ra8 35. Kf2 Kg7 36. Ke3 e5 37. Kd3 Ra7 38. Rd6 d4 39. c4 dxc3 40. Kxc3 Kh6 41. Kc4 Kg5 42. Kd5 Kf5 43. Kc6 Re7 44. Kb6 e4 45. fxe4+ Rxe4 46. Kxa6 Re2 47. Kb7 Rxg2 48. a6 Rb2 49. a7 Rxb3+ 50. Rb6 Ra3 51. Ra6 Rxa6 52. Kxa6 h5 53. a8Q Kg5 54. Qg2+ Kh6 55. Kb5 f5 56. Kc5 h4 57. Kd5 g5 58. Ke5 Kg6 59. Qc6+ 1-0

[Event "Hessen-ch op-B"]
[Site "Frankfurt Sossenheim"]
[Date "2015.??.??"]
[Round "7"]
[White "Rafiee, Kayvan"]
[Black "Neagu, Liviu"]
[Result "1-0"]
[WhiteElo "1861"]
[BlackElo "1229"]
[PlyCount "139"]
[EventDate "2015.05.13"]
[EventType "swiss"]
[EventRounds "7"]
[EventCountry "GER"]
[SourceTitle "EXT 2016"]
[Source "ChessBase"]
[SourceDate "2015.10.08"]
[SourceVersion "1"]
[SourceVersionDate "2015.10.08"]
[SourceQuality "1"]

1. e4 c5 2. Nf3 Nc6 3. d4 cxd4 4. Nxd4 e5 5. Nb5 Nf6 6. N1c3 a6 7. Nd6+ Bxd6 8. Qxd6 Qe7 9. Qd1 0-0 10. Bg5 Qb4 11. Bxf6 gxf6 12. Rb1 Kh8 13. a3 Qa5 14. g3 Nd4 15. Bg2 d6 16. 0-0 Be6 17. Kh1 Rac8 18. f4 Rg8 19. f5 Bc4 20. Rf2 Rg5 21. Bf1 Bxf1 22. Qxf1 b5 23. Qd3 Rcg8 24. Nd5 Qd8 25. c3 Nb3 26. Rd1 Nc5 27. Qc2 h5 28. b4 Nd7 29. Rg2 h4 30. Rdg1 hxg3 31. Rxg3 Rxg3 32. Rxg3 Rxg3 33. hxg3 Qg8 34. Kg2 Qd8 35. Qe2 Nf8 36. Qh5+ Kg7 37. Qg4+ Kh8 38. Qe2 Nh7 39. c4 Ng5 40. cxb5 axb5 41. Nc3 Qa8 42. Nxb5 Qxe4+ 43. Qxe4 Nxe4 44. Kf3 d5 45. a4 Nd2+ 46. Ke2 Nc4 47. a5 Kg8 48. Kd3 Kf8 49. Nc7 Nb2+ 50. Kc2 Nc4 51. Nxd5 Ke8 52. a6 Na3+ 53. Kb3 Nb5 54. Kc4 Na7 55. Kc5 Kd8 56. b5 Kc8 57. b6 Kb8 58. bxa7+ Kxa7 59. Nxf6 Kxa6 60. Kd5 Kb7 61. Kd6 Kc8 62. Ke7 Kc7 63. g4 Kc6 64. g5 e4 65. Nxe4 Kd5 66. Kxf7 Kxe4 67. f6 Kf5 68. g6 Kg5 69. Kg7 Kf5 70. f7 1-0

[Event "Hessen-ch op-B"]
[Site "Frankfurt Sossenheim"]
[Date "2015.??.??"]
[Round "3"]
[White "Rafiee, Kayvan"]
[Black "Saluvar, Buelent"]
[Result "1/2-1/2"]
[WhiteElo "1861"]
[BlackElo "1718"]
[PlyCount "55"]
[EventDate "2015.05.13"]
[EventType "swiss"]
[EventRounds "7"]
[EventCountry "GER"]
[SourceTitle "EXT 2016"]
[Source "ChessBase"]
[SourceDate "2015.10.08"]
[SourceVersion "1"]
[SourceVersionDate "2015.10.08"]
[SourceQuality "1"]

1. e4 e6 2. d3 d5 3. Nd2 Nf6 4. Ngf3 dxe4 5. dxe4 Bc5 6. Bd3 Nc6 7. Nb3 Bb6 8. c3 e5 9. h3 h6 10. 0-0 Qe7 11. Qe2 Bd7 12. Nbd2 a6 13. Nc4 Ba7 14. Be3 b5 15. Na3 Na5 16. b4 Nb7 17. Bxa7 Rxa7 18. Rfe1 0-0 19. Qb2 c5 20. Nc2 c4 21. Bf1 Nd6 22. Nd2 Bc6 23. f3 Rd8 24. Rad1 Nh5 25. Ne3 Nf4 26. Nb1 Qg5 27. Kh2 Rad7 28. Qf2 1/2-1/2

[Event "Hessen-ch op-B"]
[Site "Frankfurt Sossenheim"]
[Date "2015.??.??"]
[Round "4"]
[White "Wachsmann, Dietmar"]
[Black "Rafiee, Kayvan"]
[Result "1/2-1/2"]
[WhiteElo "1743"]
[BlackElo "1861"]
[PlyCount "31"]
[EventDate "2015.05.13"]
[EventType "swiss"]
[EventRounds "7"]
[EventCountry "GER"]
[SourceTitle "EXT 2016"]
[Source "ChessBase"]
[SourceDate "2015.10.08"]
[SourceVersion "1"]
[SourceVersionDate "2015.10.08"]
[SourceQuality "1"]

1. e4 c5 2. f4 Nc6 3. Nf3 g6 4. Be2 Bg7 5. 0-0 e6 6. d3 Nge7 7. c3 d5 8. Be3 b6 9. Qc2 Bb7 10. Nbd2 Rc8 11. Kh1 0-0 12. Rae1 Qd7 13. Ng1 f5 14. e5 d4 15. Bf2 Nd5 16. Nh3 1/2-1/2

[Event "Karl Mala Memorial op-A 17th"]
[Site "Frankfurt"]
[Date "2014.08.03"]
[Round "7"]
[White "Rafiee, Kayvan"]
[Black "Zimmermann, Hendrik"]
[Result "0-1"]
[WhiteElo "1906"]
[BlackElo "2122"]
[PlyCount "96"]
[EventDate "2014.07.31"]
[EventType "swiss"]
[EventRounds "7"]
[EventCountry "GER"]
[SourceTitle "EXT 2015"]
[Source "ChessBase"]
[SourceDate "2014.11.20"]
[SourceVersion "1"]
[SourceVersionDate "2014.11.20"]
[SourceQuality "1"]

1. e4 c5 2. Nf3 d6 3. d4 cxd4 4. Nxd4 Nf6 5. Nc3 a6 6. Bc4 e6 7. Bb3 b5 8. Bg5 Be7 9. Qf3 Ra7 10. 0-0-0 b4 11. Na4 Qa5 12. Be3 Rb7 13. Rhe1 0-0 14. e5 dxe5 15. Nc6 Nxc6 16. Qxc6 Qb5 17. Qxb5 axb5 18. Nc5 Rc7 19. Nd3 e4 20. Nf4 Bb7 21. h3 Ra8 22. Kb1 h6 23. h4 Ra6 24. Rd2 Kf8 25. Red1 Rc8 26. Rc1 Ng4 27. g3 Ne5 28. Rcd1 Bc6 29. h5 Ke8 30. Re2 Nf3 31. Ng2 Rca8 32. Ne1 Bd5 33. Rxd5 exd5 34. Nxf3 exf3 35. Rd2 Rd8 36. Rxd5 Rad6 37. Rxd6 Rxd6 38. c3 bxc3 39. bxc3 Bg5 40. Ba7 Rd2 41. c4 b4 42. Bc5 Kd7 43. Ba4+ Kc7 44. Bc2 Bf6 45. Be3 Re2 46. Be4 Rb2+ 47. Kc1 Rxa2 48. Bc2 Bc3 0-1

[Event "Karl Mala Memorial op-A 17th"]
[Site "Frankfurt"]
[Date "2014.08.02"]
[Round "5"]
[White "Rafiee, Kayvan"]
[Black "Reinecke, Katharina"]
[Result "1/2-1/2"]
[WhiteElo "1906"]
[BlackElo "1598"]
[PlyCount "35"]
[EventDate "2014.07.31"]
[EventType "swiss"]
[EventRounds "7"]
[EventCountry "GER"]
[SourceTitle "EXT 2015"]
[Source "ChessBase"]
[SourceDate "2014.11.20"]
[SourceVersion "1"]
[SourceVersionDate "2014.11.20"]
[SourceQuality "1"]

1. e4 c6 2. d4 d5 3. Nc3 dxe4 4. Nxe4 Bf5 5. Ng3 Bg6 6. h4 h6 7. Nf3 Nf6 8. Ne5 Bh7 9. Bd3 Bxd3 10. Qxd3 e6 11. Bd2 Nbd7 12. Qe2 Qc7 13. 0-0-0 Be7 14. f4 0-0 15. h5 c5 16. Nxd7 Qxd7 17. dxc5 Bxc5 18. Kb1 1/2-1/2

[Event "Vellmar op-A 5th"]
[Site "Vellmar"]
[Date "2013.07.28"]
[Round "7"]
[White "Stuckenschneider, Martin"]
[Black "Rafiee, Kayvan"]
[Result "1/2-1/2"]
[WhiteElo "1964"]
[BlackElo "1942"]
[PlyCount "24"]
[EventDate "2013.07.25"]
[EventType "swiss"]
[EventRounds "7"]
[EventCountry "GER"]
[SourceTitle "EXT 2015"]
[Source "ChessBase"]
[SourceDate "2014.11.20"]
[SourceVersion "1"]
[SourceVersionDate "2014.11.20"]
[SourceQuality "1"]

1. d4 d5 2. c4 Nc6 3. cxd5 Qxd5 4. e3 e5 5. Nc3 Bb4 6. Bd2 Bxc3 7. bxc3 Qd6 8. Bd3 Nge7 9. Ne2 0-0 10. 0-0 f5 11. f3 b6 12. Be1 f4 1/2-1/2

[Event "Karl Mala Memorial op 15th"]
[Site "Frankfurt"]
[Date "2012.07.08"]
[Round "7"]
[White "Roehlich, Philipp"]
[Black "Rafiee, Kayvan"]
[Result "1-0"]
[WhiteElo "1757"]
[BlackElo "1962"]
[PlyCount "61"]
[EventDate "2012.07.05"]
[EventType "swiss"]
[EventRounds "7"]
[EventCountry "GER"]
[SourceTitle "CBM 149 Extra"]
[Source "ChessBase"]
[SourceDate "2012.08.24"]
[SourceVersion "1"]
[SourceVersionDate "2012.08.24"]
[SourceQuality "1"]

1. e4 e5 2. Nf3 Nf6 3. Nxe5 d6 4. Nf3 Nxe4 5. Nc3 Nxc3 6. dxc3 Be7 7. Bd3 Nc6 8. Be3 Be6 9. Qd2 Qd7 10. b3 h6 11. h3 Bf6 12. Nd4 Nxd4 13. Bxd4 Bxd4 14. cxd4 d5 15. 0-0-0 0-0-0 16. Rhe1 Rhe8 17. g4 Kb8 18. Qb4 Qe7 19. Qxe7 Rxe7 20. Re3 Ree8 21. Rde1 Bd7 22. Re7 Be6 23. Rxe8 Rxe8 24. Kd2 Bd7 25. Rg1 g6 26. h4 Rg8 27. f4 c6 28. g5 Kc8 29. gxh6 Rh8 30. h5 gxh5 31. h7 1-0

[Event "Karl Mala Memorial op 15th"]
[Site "Frankfurt"]
[Date "2012.07.07"]
[Round "4"]
[White "Rafiee, Kayvan"]
[Black "Nothnagel, Marian Can"]
[Result "1-0"]
[WhiteElo "1962"]
[BlackElo "1720"]
[PlyCount "101"]
[EventDate "2012.07.05"]
[EventType "swiss"]
[EventRounds "7"]
[EventCountry "GER"]
[SourceTitle "CBM 149 Extra"]
[Source "ChessBase"]
[SourceDate "2012.08.24"]
[SourceVersion "1"]
[SourceVersionDate "2012.08.24"]
[SourceQuality "1"]

1. e4 e5 2. Nf3 d6 3. d4 exd4 4. Nxd4 Nf6 5. Nc3 Be7 6. Bf4 0-0 7. Qd2 Re8 8. 0-0-0 Bf8 9. f3 a6 10. g4 b5 11. h4 Kh8 12. h5 Ng8 13. g5 Ne7 14. Nd5 Nbc6 15. Nxc6 Nxc6 16. h6 Be6 17. hxg7+ Bxg7 18. Qh2 Kg8 19. Qxh7+ Kf8 20. Qh2 Bxd5 21. exd5 Ne5 22. Qf2 Ng6 23. Bd2 b4 24. f4 f6 25. Bd3 Ne7 26. Bc4 a5 27. Bb5 a4 28. Bxb4 a3 29. Bc3 axb2+ 30. Kb1 c6 31. gxf6 cxb5 32. fxg7+ Kf7 33. Qd4 Nf5 34. Qd3 Qd7 35. Rdg1 Rg8 36. Rg5 Ne7 37. Bxb2 Qa7 38. Qb3 Qf2 39. Rgg1 b4 40. Re1 Nf5 41. Qh3 Nxg7 42. Qd7+ Kg6 43. Qxd6+ Kf5 44. Qe5+ Kg4 45. Qg5+ Kf3 46. Rhf1 Qxf1 47. Rxf1+ Ke2 48. Qg2+ Ke3 49. Qf3+ Kd2 50. Rf2+ Ke1 51. Qe2# 1-0

[Event "Karl Mala Memorial op 12th"]
[Site "Frankfurt"]
[Date "2009.07.19"]
[Round "7"]
[White "Rafiee, Kayvan"]
[Black "Diyap, Murat"]
[Result "1/2-1/2"]
[WhiteElo "1959"]
[BlackElo "1661"]
[PlyCount "130"]
[EventDate "2009.07.16"]
[EventType "swiss"]
[EventRounds "7"]
[EventCountry "GER"]
[SourceTitle "EXT 2010"]
[Source "ChessBase"]
[SourceDate "2010.11.25"]
[SourceVersion "1"]
[SourceVersionDate "2010.11.25"]
[SourceQuality "1"]

1. e4 c5 2. Nf3 Nc6 3. d4 cxd4 4. Nxd4 Nf6 5. Nc3 e5 6. Ndb5 d6 7. Bg5 a6 8. Na3 b5 9. Nd5 Be7 10. Nxe7 Nxe7 11. Bxf6 gxf6 12. Qd2 d5 13. exd5 Qxd5 14. 0-0-0 Qxd2+ 15. Rxd2 Be6 16. c4 Rc8 17. b3 Nf5 18. Kb2 bxc4 19. Bxc4 Bxc4 20. Nxc4 0-0 21. Rhd1 Nd4 22. f4 Rc5 23. Re1 Rb8 24. Ne3 h5 25. Rf1 a5 26. fxe5 fxe5 27. Nf5 Rbb5 28. Nxd4 exd4 29. Rxd4 Re5 30. Rd8+ Kg7 31. Rd7 Re2+ 32. Ka3 Rxg2 33. Rdxf7+ Kg6 34. R1f6+ Kg5 35. Rg7+ Kxf6 36. Rxg2 Rc5 37. Kb2 Rf5 38. a3 Ke6 39. b4 axb4 40. axb4 Kd6 41. Rc2 Rf3 42. Kc1 Rf1+ 43. Kd2 Rf2+ 44. Kd3 Rxc2 45. Kxc2 Kc6 46. h4 Kb5 47. Kc3 Kc6 48. Kc4 Kb6 49. b5 Kb7 50. Kc5 Kc7 51. Kb4 Kb6 52. Kc4 Kc7 53. Kc5 Kb7 54. b6 Kb8 55. Kb5 Kb7 56. Kc5 Kb8 57. Kc6 Kc8 58. Kd6 Kb7 59. Ke6 Kxb6 60. Kf6 Kc6 61. Kg5 Kd7 62. Kxh5 Ke8 63. Kg6 Kf8 64. Kh7 Kf7 65. h5 Kf8 1/2-1/2

[Event "Karl Mala Memorial op 12th"]
[Site "Frankfurt"]
[Date "2009.07.17"]
[Round "3"]
[White "Rafiee, Kayvan"]
[Black "Kuegler, Michael"]
[Result "1/2-1/2"]
[WhiteElo "1959"]
[BlackElo "1704"]
[PlyCount "41"]
[EventDate "2009.07.16"]
[EventType "swiss"]
[EventRounds "7"]
[EventCountry "GER"]
[SourceTitle "EXT 2010"]
[Source "ChessBase"]
[SourceDate "2010.11.25"]
[SourceVersion "1"]
[SourceVersionDate "2010.11.25"]
[SourceQuality "1"]

1. e4 e6 2. d4 d5 3. Nd2 Nf6 4. e5 Nfd7 5. Bd3 c5 6. c3 Nc6 7. Ne2 Be7 8. 0-0 0-0 9. Nf3 f6 10. exf6 Nxf6 11. Bg5 cxd4 12. cxd4 Bd7 13. Rc1 Rc8 14. Bb1 Be8 15. Nc3 a6 16. Re1 Qd6 17. Bh4 Bh5 18. Bg3 Qd7 19. Na4 Bxf3 20. gxf3 Nd8 21. Rxc8 1/2-1/2

[Event "Korbach op-A 2nd"]
[Site "Korbach"]
[Date "2008.10.10"]
[Round "3"]
[White "Huettemann, Ralf"]
[Black "Rafiee, Kayvan"]
[Result "1/2-1/2"]
[WhiteElo "2005"]
[BlackElo "1963"]
[PlyCount "45"]
[EventDate "2008.10.09"]
[EventType "swiss"]
[EventRounds "7"]
[EventCountry "GER"]
[SourceTitle "EXT 2010"]
[Source "ChessBase"]
[SourceDate "2010.11.25"]
[SourceVersion "1"]
[SourceVersionDate "2010.11.25"]
[SourceQuality "1"]

1. e4 c5 2. Nc3 Nc6 3. g3 g6 4. Bg2 Bg7 5. Nh3 d6 6. 0-0 e6 7. d3 Nge7 8. f4 f5 9. Kh1 0-0 10. Ne2 Rb8 11. c3 b5 12. Be3 h6 13. Nf2 a5 14. g4 b4 15. gxf5 exf5 16. e5 Be6 17. d4 Nd5 18. Bd2 cxd4 19. cxd4 dxe5 20. dxe5 Qb6 21. Qa4 Nce7 22. a3 Ne3 23. Bxe3 1/2-1/2

[Event "Karl Mala Memorial op 10th"]
[Site "Griesheim"]
[Date "2006.07.23"]
[Round "6"]
[White "Kropp, Volker"]
[Black "Rafiee, Kayvan"]
[Result "1-0"]
[WhiteElo "2134"]
[BlackElo "1995"]
[PlyCount "89"]
[EventDate "2006.07.20"]
[EventType "swiss"]
[EventRounds "7"]
[EventCountry "GER"]
[SourceTitle "CBM 113 Extra"]
[Source "ChessBase"]
[SourceDate "2006.09.14"]
[SourceVersion "1"]
[SourceVersionDate "2006.09.14"]
[SourceQuality "1"]

1. d4 d5 2. Bg5 c6 3. Nf3 Qb6 4. b3 Bf5 5. e3 Nd7 6. Bd3 Bg6 7. h4 Ngf6 8. Bxf6 Nxf6 9. Ne5 Bxd3 10. Qxd3 Nd7 11. Nxd7 Kxd7 12. Qf5+ Ke8 13. 0-0 e6 14. Qd3 Rc8 15. Nd2 Bd6 16. c4 Bb8 17. cxd5 cxd5 18. Rac1 Rd8 19. Rc2 a6 20. Rfc1 g6 21. Nf3 Kf8 22. Ne5 Kg7 23. h5 Bxe5 24. dxe5 Rd7 25. Qe2 d4 26. Qf3 f5 27. exf6+ Kf7 28. exd4 Qxd4 29. Rc7 Rhd8 30. Qxb7 Kxf6 31. hxg6 hxg6 32. Rxd7 Rxd7 33. Qxa6 Qd2 34. Qc8 Rd3 35. Qf8+ Kg5 36. Qe7+ Kh5 37. g4+ Kxg4 38. Qxe6+ Kg5 39. Qe5+ Kh6 40. Qh8+ Kg5 41. Rc5+ Kg4 42. Rc4+ Kf3 43. Qh1+ Ke2 44. Qe4+ Kd1 45. Qg4+ 1-0

[Event "Karl Mala Memorial op 10th"]
[Site "Griesheim"]
[Date "2006.07.22"]
[Round "5"]
[White "Rafiee, Kayvan"]
[Black "Fontana, Alexander"]
[Result "1/2-1/2"]
[WhiteElo "1995"]
[BlackElo "2153"]
[PlyCount "46"]
[EventDate "2006.07.20"]
[EventType "swiss"]
[EventRounds "7"]
[EventCountry "GER"]
[SourceTitle "CBM 113 Extra"]
[Source "ChessBase"]
[SourceDate "2006.09.14"]
[SourceVersion "1"]
[SourceVersionDate "2006.09.14"]
[SourceQuality "1"]

1. e4 d6 2. d4 Nf6 3. Nc3 g6 4. f4 Bg7 5. Nf3 0-0 6. Bd3 Na6 7. 0-0 c5 8. d5 Nc7 9. h3 Rb8 10. a4 a6 11. a5 b5 12. axb6 Rxb6 13. Qe2 e6 14. dxe6 fxe6 15. e5 Nh5 16. exd6 Ne8 17. d7 Qxd7 18. Re1 Nxf4 19. Bxf4 Rxf4 20. Ne4 Rxf3 21. Qxf3 c4 22. Bf1 Rxb2 23. Rad1 Qc7 1/2-1/2

[Event "Karl Mala Memorial op 10th"]
[Site "Griesheim"]
[Date "2006.07.21"]
[Round "2"]
[White "Rafiee, Kayvan"]
[Black "Kartsev, Soel"]
[Result "0-1"]
[WhiteElo "1995"]
[BlackElo "2208"]
[PlyCount "82"]
[EventDate "2006.07.20"]
[EventType "swiss"]
[EventRounds "7"]
[EventCountry "GER"]
[SourceTitle "CBM 113 Extra"]
[Source "ChessBase"]
[SourceDate "2006.09.14"]
[SourceVersion "1"]
[SourceVersionDate "2006.09.14"]
[SourceQuality "1"]

1. e4 d5 2. exd5 Nf6 3. d4 Nxd5 4. c4 Nb6 5. Nf3 Bg4 6. c5 N6d7 7. Be2 Nc6 8. h3 Bh5 9. 0-0 e5 10. d5 Bxf3 11. dxc6 Bxc6 12. b4 a6 13. Bb2 Qg5 14. Bf3 e4 15. Be2 Be7 16. Na3 0-0 17. Nc4 Rad8 18. Bc1 e3 19. f3 Nxc5 20. Qe1 Nd3 21. Bxd3 Rxd3 22. Bxe3 Qb5 23. Nb2 Bxb4 24. Nxd3 Bxe1 25. Nxe1 Re8 26. Bf2 Qg5 27. Kh2 Bb5 28. Rg1 f5 29. f4 Qxf4+ 30. Bg3 Qc4 31. Nf3 f4 32. Bh4 h6 33. Rac1 Qxa2 34. Rxc7 Bc6 35. Nd4 Qa5 36. Rxc6 bxc6 37. Nxc6 Qh5 38. Be1 Qc5 39. Nb4 a5 40. Nd3 Qd4 41. Nc1 Qxg1+ 0-1

[Event "Karl Mala Memorial op 10th"]
[Site "Griesheim"]
[Date "2006.07.20"]
[Round "1"]
[White "Schumacher, Tina"]
[Black "Rafiee, Kayvan"]
[Result "0-1"]
[WhiteElo "1187"]
[BlackElo "1995"]
[PlyCount "60"]
[EventDate "2006.07.20"]
[EventType "swiss"]
[EventRounds "7"]
[EventCountry "GER"]
[SourceTitle "CBM 113 Extra"]
[Source "ChessBase"]
[SourceDate "2006.09.14"]
[SourceVersion "1"]
[SourceVersionDate "2006.09.14"]
[SourceQuality "1"]

1. d4 d5 2. Bf4 Nc6 3. Nf3 Bf5 4. e3 e6 5. c4 Nf6 6. Nc3 Bd6 7. Bxd6 Qxd6 8. Bd3 Bxd3 9. Qxd3 dxc4 10. Qxc4 Qb4 11. Qxb4 Nxb4 12. 0-0 c6 13. a3 Nbd5 14. Nxd5 Nxd5 15. Rac1 0-0 16. Rfd1 Rfd8 17. b4 a5 18. bxa5 Rxa5 19. Rd3 Rda8 20. Ra1 Nb4 21. Rc3 Nd5 22. Rd3 Nc7 23. Ne1 Rb5 24. h3 h6 25. Rc3 Nd5 26. Rd3 Rb2 27. Kf1 Ra6 28. Rc1 Rab6 29. Nf3 Ra2 30. Ne5 Rbb2 0-1

[Event "Karl Mala Memorial op 09th"]
[Site "Frankfurt"]
[Date "2005.07.30"]
[Round "4"]
[White "Rafiee, Kayvan"]
[Black "Kuehn, Thomas"]
[Result "1/2-1/2"]
[WhiteElo "2006"]
[BlackElo "1708"]
[PlyCount "43"]
[EventDate "2005.07.28"]
[EventType "swiss"]
[EventRounds "7"]
[EventCountry "GER"]
[SourceTitle "EXT 2006"]
[Source "ChessBase"]
[SourceDate "2005.11.24"]
[SourceVersion "1"]
[SourceVersionDate "2005.11.24"]
[SourceQuality "1"]

1. e4 e6 2. d4 d5 3. Nd2 dxe4 4. Nxe4 Bd7 5. Nf3 Bc6 6. Bd3 Bxe4 7. Bxe4 c6 8. 0-0 Nf6 9. Bd3 Bd6 10. c4 Qc7 11. b3 Nbd7 12. Bb2 0-0 13. Re1 c5 14. dxc5 Bxc5 15. Ne5 Bd6 16. Ng4 e5 17. Bf5 Nxg4 18. Qxg4 Nf6 19. Qh3 Rfe8 20. Bc1 g6 21. Bg5 Nh5 22. Be4 1/2-1/2

[Event "Muehlhausen op"]
[Site "Muehlhausen"]
[Date "2005.05.06"]
[Round "5"]
[White "Rafiee, Kayvan"]
[Black "Homburg, David"]
[Result "1/2-1/2"]
[WhiteElo "2006"]
[BlackElo "2122"]
[PlyCount "36"]
[EventDate "2005.05.04"]
[EventType "swiss"]
[EventRounds "7"]
[EventCountry "GER"]
[SourceTitle "EXT 2006"]
[Source "ChessBase"]
[SourceDate "2005.11.24"]
[SourceVersion "1"]
[SourceVersionDate "2005.11.24"]
[SourceQuality "1"]

1. e4 c5 2. Nf3 d6 3. d4 cxd4 4. Nxd4 Nf6 5. Nc3 g6 6. Be3 Bg7 7. f3 0-0 8. Qd2 Nc6 9. 0-0-0 Bd7 10. g4 h5 11. gxh5 Nxh5 12. Rg1 Rc8 13. Nxc6 Bxc6 14. Bh6 a5 15. Bxg7 Nxg7 16. Qh6 Be8 17. h4 e6 18. Bd3 Rc5 1/2-1/2

[Event "Bad Zwesten op 9th"]
[Site "Bad Zwesten"]
[Date "2005.01.05"]
[Round "6"]
[White "Stuehmeier, Chris"]
[Black "Rafiee, Kayvan"]
[Result "1/2-1/2"]
[WhiteElo "1568"]
[BlackElo "2027"]
[PlyCount "59"]
[EventDate "2005.01.02"]
[EventType "swiss"]
[EventRounds "9"]
[EventCountry "GER"]
[SourceTitle "CBM 104 Extra"]
[Source "ChessBase"]
[SourceDate "2005.03.01"]
[SourceVersion "1"]
[SourceVersionDate "2005.03.01"]
[SourceQuality "1"]

1. Nf3 d5 2. g3 c5 3. Bg2 Nc6 4. d4 e6 5. 0-0 Nf6 6. c4 dxc4 7. dxc5 Qxd1 8. Rxd1 Bxc5 9. Nbd2 Ke7 10. Nxc4 Nd7 11. b3 f6 12. Bb2 b5 13. Ncd2 Rb8 14. Rac1 Nd8 15. Ne4 Bb4 16. a3 Ba5 17. b4 Bb6 18. Nc5 Nxc5 19. bxc5 Bc7 20. Nd4 e5 21. Nc6+ Nxc6 22. Bxc6 Rd8 23. Bc3 a5 24. Be4 h6 25. Bd2 Be6 26. Be3 Bb3 27. Rxd8 Rxd8 28. Bc2 Bxc2 29. Rxc2 Ke6 30. Rb2 1/2-1/2